| 000 | 00669nam a22002177a 4500 | ||
|---|---|---|---|
| 999 |
_c6499 _d6499 |
||
| 003 | OSt | ||
| 005 | 20200128131047.0 | ||
| 008 | 200128b ||||| |||| 00| 0 eng d | ||
| 020 | _a0335210465 | ||
| 040 | _c040a | ||
| 082 |
_a370.7 _bMOR 2003 |
||
| 245 |
_aThe moral fondation of educational research: _bknowledge, inquiry and values / _cPat Sikes, Jon Nixon and Wilfred Carr |
||
| 260 |
_aBerkshire _bOpen University Press _c2003 |
||
| 300 |
_a141p; _c16cm. |
||
| 504 | _aIncludes bibliographical references and index | ||
| 650 | _2Research | ||
| 700 |
_aSikes, Pat _913361 |
||
| 700 |
_aNixon, Jon _913362 |
||
| 700 |
_aCarr, Wilfred _913363 |
||
| 942 |
_2ddc _cO_SHELF |
||